003810000a2200085000450024501140000004100140011470000290012810000240015777301140018110aCuidado parental en anuros del género Eleutherodactylus () presentes en Colombia0 aEspañol1 aCastro Herrera, Fernando1 aVargas S., Fernando1 tRevista de la Academia Colombiana de Ciencias Exactas, Fisicas y Naturales332hSupl. Esp.q407-410d1999g23